Billboard Year-End Top 100: 1991 - Statistics

General Stats
  • This quiz has been taken 30 times
  • The average score is 22 of 100
Answer Stats
Number Song Artist % Correct
1 (Everything I Do) I Do it for You Bryan Adams
72%
7 More Than Words Extreme
69%
4 Rush Rush Paula Abdul
62%
10 Baby, Baby Amy Grant
59%
3 Gonna Make You Sweat C + C Music Factory
59%
6 Unbelievable EMF
55%
52 I Touch Myself Divinyls
52%
2 I Wanna Sex You Up Color Me Badd
52%
33 Losing My Religion R.E.M.
48%
91 Groove is in the Heart Deee-Lite
45%
31 I've Been Thinking About You Londonbeat
45%
23 Joyride Roxette
45%
17 Right Here, Right Now Jesus Jones
45%
39 Wind of Change Scorpions
45%
21 Justify My Love Madonna
41%
79 Wicked Game Chris Issak
41%
75 Crazy Seal
38%
20 Good Vibrations Marky Mark and the Funky Bunch
38%
94 O.P.P. Naughty by Nature
38%
24 Romantic Karyn White
38%
51 Things That Make You Go Hmmm... C + C Music Factory
38%
22 Emotions Mariah Carey
34%
15 From a Distance Bette Midler
34%
11 MotownPhilly Boyz II Men
34%
13 Someday Mariah Carey
34%
66 Cream Prince and the N.P.G.
31%
28 Every Heartbeat Amy Grant
31%
42 I'm Your Baby Tonight Whitney Houston
31%
38 Summertime DJ Jazzy Jeff & The Fresh Prince
31%
41 The Promise of a New Day Paula Abdul
31%
18 I Adore Mi Amor Color Me Badd
28%
5 One More Try Timmy T
28%
82 Silent Lucidity Queensyrche
28%
61 3 A.M. Eternal The KLF
24%
46 Hole Hearted Extreme
24%
26 I Don't Wanna Cry Mariah Carey
24%
35 It Ain't Over til It's Over Lenny Kravitz
24%
67 Now That We Found Love Heavy D and the Boyz
24%
100 Shiny Happy People R.E.M.
24%
55 Something to Talk About Bonnie Raitt
24%
34 Coming Out of the Dark Gloria Estefan
21%
95 Freedom 90 George Michael
21%
69 Love Takes Time Mariah Carey
21%
30 Touch Me (All Night Long) Cathy Dennis
21%
37 Where Does My Heart Beat Now Celine Dion
21%
27 You're in Love Wilson Phillips
21%
90 Disappear INXS
17%
80 Get Here Oleta Adams
17%
14 High Enough Damn Yankees
17%
8 I Like the Way (The Kissing Game) Hi-Five
17%
85 Real Real Real Jesus Jones
17%
68 Show Me The Way Styx
17%
9 The First Time Surface
17%
16 All the Man that I Need Whitney Houston
14%
92 All this Time Sting
14%
70 Cry For Help Rick Astley
14%
32 Do Anything Natural Selection
14%
36 Here We Go C + C Music Factory
14%
25 Hold You Tight Tara Kemp
14%
65 I'll Be There Escape Club
14%
86 Just Another Dream Cathy Dennis
14%
49 Love is a Wonderful Thing Michael Bolton
14%
77 Place in this World Michael W Smith
14%
29 Sensitivity Ralph Tresvant
14%
93 The One and Only Chesney Hawkes
14%
45 This House Tracie Spencer
14%
56 After the Rain Nelson
10%
12 Because I Love You (The Postman Song) Stevie B
10%
59 Can't Stop this Thing We Started Bryan Adams
10%
43 Love of a Lifetime Firehouse
10%
19 Love Will Never Do (Without You) Janet Jackson
10%
57 Play that Funky Music Vanilla Ice
10%
63 Sadness Part 1 Enigma
10%
88 Strike it Up Black Box
10%
58 Temptation Corina
10%
99 The Motown Song Rod Stewart
10%
62 Time. Love and Tenderness Michael Bolton
10%
74 Too Many Walls Cathy Dennis
10%
64 Around the Way Girl LL Cool J
7%
87 Everybody Plays the Fool Aaron Neville
7%
54 Iesha Another Bad Creation
7%
40 P.A.S.S.I.O.N. Rhythm Syndicate
7%
84 Piece of my Heart Tara Kemp
7%
50 Rhythm of My Heart Rod Stewart
7%
89 Rico Suave Gerardo
7%
71 The Way You Do The Things You Do UB40
7%
98 Do You Want Me Salt-N-Pepa
3%
44 Fading Like a Flower (Every Time You Leave) Roxette
3%
72 Here I Am (Come and Take Me) UB40
3%
60 I Can't Wait Another Minute Hi-Five
3%
83 I'm Not in Love Will to Power
3%
48 Impulsive Wilson Phillips
3%
96 I Saw Red Warrent
3%
47 Power of Love- Love Power Luther Vandross
3%
81 Round and Round Tevin Campbell
3%
73 Signs Tesla
3%
78 Something to Believe In Poison
3%
53 Tom's Diner DMA
3%
76 I'll Give All My Love to You Keith Sweat
0%
97 Miles Away Winger
0%
No matching quizzes found
Score Distribution
Percent of People with Each Score
Percentile by Number Answered
Your Score History
You have not taken this quiz